000 00696cam a2200217 a 4500
001 3015494
005 20250120132925.0
008 940719s1995 nyub b 001 0 eng
020 _a0070340439 (acidfree paper)
050 0 0 _aJX1395
_b.G575 1995
082 0 0 _a327.1/01
_221
245 0 4 _aThe global agenda :
_bissues and perspectives /
_cedited by Charles W. Kegley, Jr., Eugene R. Wittkopf.
250 _a4th ed.
260 _aNew York :
_bMcGraw-Hill,
_cc1995.
300 _ax, 454 p. :
_b1 map ;
_c23 cm.
650 0 _aInternational relations.
650 0 _aInternational economic relations.
700 1 _aKegley, Charles W.
700 1 _aWittkopf, Eugene R.,
_d1943-
942 _2lcc
_cBK
_n0
999 _c2724
_d2724